00415 2200157 4500001002100000005001500021035002000036245006100056100002300117300002600140260003500166082000800201084001400209020002200223990001200245INLIS00000000000186120250515093551 a0010-05250001531 aPHK dan Pensiun Dini Siapa Takut ? /cJoannes Widjajanto0 aJoannes Widjajanto a235 hlm ;c14 x 20 cm aJakarta :bPenebar Plus,c2009 a300 a300 JOA p a978-797-3927-78-7 a0754819